|
|
|
|
| LEADER |
01296nam a2200301 a 4500 |
| 001 |
33427351 |
| 008 |
100121s1996 ctua b 001 0 eng d |
| 020 |
|
|
|a 0697316114
|
| 040 |
|
|
|a CRJ
|c CRJ
|d FBC
|d DB-DhAAL
|
| 082 |
0 |
0 |
|a 301.16/1
|2 20
|
| 245 |
0 |
0 |
|a Mass media 96/97 /
|c Joan Gorham, editor.
|
| 246 |
3 |
|
|a Annual editions: Mass media, 1996/97
|
| 250 |
|
|
|a 3nd ed.
|
| 260 |
|
|
|a Guilford, CT :
|b Dushkin Publishing Group,
|c 1996.
|
| 300 |
|
|
|a 240, [3] p. :
|b ill. ;
|c 28 cm.
|
| 490 |
1 |
|
|a Annual editions series
|
| 504 |
|
|
|a Includes bibliographical references and index.
|
| 541 |
1 |
|
|e 00007269
|
| 650 |
|
0 |
|a Mass media.
|
| 650 |
|
0 |
|a Mass media
|z United States.
|
| 650 |
|
0 |
|a Mass media
|x Influence.
|
| 700 |
1 |
|
|a Gorham, Joan.
|
| 830 |
|
0 |
|a Annual editions.
|
| 852 |
4 |
|
|a Ayesha Abed Library
|j General Shelf.
|
| 999 |
|
|
|c 7111
|d 7111
|
| 952 |
|
|
|0 0
|1 0
|2 ddc
|4 0
|6 301_161000000000000_MAS_1996
|7 0
|9 7383
|a BRACUL
|b BRACUL
|c GEN
|d 2010-01-21
|l 0
|o 301.161 MAS
|p 3010007269
|r 2010-01-21
|t 1
|w 2010-01-21
|y BK
|
| 952 |
|
|
|0 0
|1 0
|2 ddc
|4 0
|6 301_161000000000000_MAS
|7 0
|9 52485
|a SCL
|b SCL
|c GEN
|d 2015-02-07
|l 0
|o 301.161 MAS
|p 3020001364
|r 2015-02-07
|t 2
|w 2015-02-07
|y BK
|
| 952 |
|
|
|0 0
|1 0
|2 ddc
|4 0
|6 301_161000000000000_MAS
|7 0
|9 52517
|a SCL
|b SCL
|c GEN
|d 2015-02-09
|l 0
|o 301.161 MAS
|p 3020001363
|r 2015-02-09
|t 3
|w 2015-02-09
|y BK
|